000 00869nam a2200265Ia 4500
005 20251020182456.0
008 200515s9999 xx 000 0 und d
082 _a624.04/L72
100 _aLivesley, R. K.
245 0 _aMétodos matriciales para cálculo de estructuras
250 _a1a ed.
260 _aMadrid
260 _bBLUME
260 _c1970
300 _a206 p.
300 _bil., tbl., graf.
500 _a1 ejemplar
520 _aTiene dos propósitos: el primero, usar la notación matricial para presentar los principios básicos del calculo de estructuras de una forma general, y al mismo tiempo compacta y precisa. El segundo, proporcionar a los ingenieros practicantes un resumen de
650 _aDISEÑO ESTRUCTURAL
650 _aESTRUCTURAS
650 _aINGENIERIA CIVIL
650 _aMATRICES
942 _cLIB
999 _c1000
_d1000